Online
Catalog

Elecciones primarias : (Record no. 48119)

MARC details
000 -CABECERA
campo de control de longitud fija 01361nam a2200241 a 4500
001 - NÚMERO DE CONTROL
campo de control 000048631
005 - FECHA Y HORA DE LA ÚLTIMA TRANSACCIÓN
campo de control 20250205124808.0
008 - DATOS DE LONGITUD FIJA--INFORMACIÓN GENERAL
campo de control de longitud fija 190403s2014 dr 001 0 spa d
020 ## - NÚMERO INTERNACIONAL ESTÁNDAR DEL LIBRO
Número Internacional Estándar del Libro 9789945481655
040 ## - FUENTE DE LA CATALOGACIÓN
Centro catalogador/agencia de origen DO-SdBNP
Lengua de catalogación spa
Centro/agencia transcriptor BNPHU
082 ## - NÚMERO DE LA CLASIFICACIÓN DECIMAL DEWEY
Número de clasificación xx
Número de documento/Ítem xx
100 1# - ENTRADA PRINCIPAL--NOMBRE DE PERSONA
Nombre de persona Aquino Rodríguez, José Ángel
9 (RLIN) 12222
245 10 - MENCIÓN DE TÍTULO
Título Elecciones primarias :
Resto del título la lucha por la nominación presidencial en la República Dominicana /
Mención de responsabilidad, etc. José Ángel Aquino R. ;editora Nurys Paulino ; prólogo Wilfredo Lozano.
260 ## - PUBLICACIÓN, DISTRIBUCIÓN, ETC.
Lugar de publicación, distribución, etc. Santo Domingo :
Nombre del editor, distribuidor, etc. Centenario,
Fecha de publicación, distribución, etc. 2014.
300 ## - DESCRIPCIÓN FÍSICA
Extensión 284 p. ;
Dimensiones 26 cm.
500 ## - NOTA GENERAL
Nota general Incluye datos biográficos del autor en la solapa de la cubierta
500 ## - NOTA GENERAL
Nota general Incluye índices
504 ## - NOTA DE BIBLIOGRAFÍA, ETC.
Nota de bibliografía, etc. Bibliografía p. 261-264
505 ## - NOTA DE CONTENIDO CON FORMATO
Nota de contenido con formato Prólogo --
Título Introducción --
-- Partidos políticos y elecciones primarias --
-- República Dominicana : De las convenciones de delegados a las elecciones primarias --
-- Elecciones primarias en el proceso electoral 2004 --
-- eElecciones primarias en el proceso electoral 2008 --
-- Elecciones primarias en el proceso electoral 2012 --
-- Elecciones primarias presidenciales : balance y perspectivas --
-- Referencias bibliográficas --
-- Índices de tablas y gráficos --
-- Índice nomástico.
590 ## - NOTA LOCAL (RLIN)
Nota local Inventariado, 2019/VM
700 1# - PUNTO DE ACCESO ADICIONAL--NOMBRE DE PERSONA
Nombre de persona Paulino Nurys
Término indicativo de función/relación ed.
9 (RLIN) 22136
700 1# - PUNTO DE ACCESO ADICIONAL--NOMBRE DE PERSONA
Nombre de persona Lozano, Wilfredo
Fechas asociadas al nombre 1950-
Término indicativo de función/relación pról.
9 (RLIN) 7126
Holdings
Estado de retiro Estado de pérdida No para préstamo Código de colección Localización permanente Ubicación/localización actual Ubicación en estantería Fecha de adquisición Número de inventario Total de préstamos Signatura topográfica completa Código de barras Fecha visto por última vez Número de copia Precio válido a partir de Tipo de ítem Koha
    Excluido de préstamo Dominicana de Servicio General General Depósito 03.04.2019 LF1   xx xx 48631-30 25.06.2020 e. 3 25.06.2020 Libro y Folleto Colección Dominicana de Servicio
    Excluido de préstamo Patrimonio Dominicano Patrimonio Dominicano Patrimonio Dominicano Depósito 03.04.2019 LF1   xx xx 48631-10 25.06.2020   25.06.2020 Libro y Folleto Colección Patrimonio Dominicano
    Excluido de préstamo Patrimonio Dominicano Patrimonio Dominicano Patrimonio Dominicano Depósito 03.04.2019 LF1   xx xx 48631-20 25.06.2020 e. 2 25.06.2020 Libro y Folleto Colección Patrimonio Dominicano

Powered by Koha